Statistics for Start Kids: Lee Know

Click here to take the quiz!

General Stats

  • This quiz has been taken 68 times
  • The average score is 13 of 15

Answer Stats

Answer% Correct
What is Lee Know's full name?Lee Minho
100%
How many cats does Lee Know have?3
96%
What popular group was Lee Know a backup dancer for?BTS
94%
What Racha line is he apart of?Dance
94%
How many siblings does Lee Know have?0
93%
What line is Lee Know apart of? (Hyung or Maknae)Hyung
93%
I know, you know, we know...?Lee Know
93%
What animal is Lee Know's Skzoo?Rabbit
93%
What animal is Lee Know often compared to by stays?Cat
89%
What is Lee Know's Skoo's name?Leebit
87%
In what episode of the survival show (stray kids) was Lee Know eliminated in?Episode 4
81%
What are the names of his cats?Soonie, Doongie, Dori
78%
How long did Lee Know train for?1 year
74%
What other 2 racha lines is Lee Know apart of? (Name either)Pabo/Meow
59%
When is Lee Know's birthday?October 25th
43%

Score Distribution

Percentile by Number Answered

Percent of People with Each Score

Your Score History

You have not taken this quiz